000 00290nam a2200097Ia 4500
008 220214s9999 xx 000 0 und d
100 _abSpoon Ir.W.
245 0 _aCatongo-cacao from Brazil, No.262
260 _bTropical Products Departmet of the Royal Tropical Institute, No.262
942 _cRE
999 _c46280
_d46280